000 00617nam a2200229Ia 4500
003 OSt
005 20220923230518.0
006 a|||||r|||| 00| 0
007 ta
008 Pun
024 _a282,688
037 _cTextual
040 _aARTS
_cARTS
_bPun
041 _2Pun
_aPun
082 _aO153,3NBH8x, M2
100 _aਭੋਗਲ, ਰਾਜਿੰਦਰ
245 0 _aਟਾਕੀਆਂ ਵਾਲੀ ਕਮੀਗ਼
260 _c1982
650 _aਪੰਜਾਬੀ ਸਾਹਿਤ
942 _hO153,3NBH8x, M2
_cTEXL
_2CC
999 _c385383
_d385383